000 00457nam a2200157 i 4500
001 74119
003 ES-MaACL
005 20230906172026.0
007 t|
008 040915s1926 sp ||||1| spa d
100 1 _aGonzález Díaz, Francisco.
_958598
245 1 0 _aEn la selva obscura
_b: diario íntimo /
_cFrancisco González Díaz.
260 _aLas Palmas :
_b[s.n.,
_c1926] (
_fTip. Diario)
300 _a251 p. ;
_c24 cm.
852 _aES-MaACL
_jF-3270
999 _c74119
_d74119